Top 20 Arsenal Players By Appearance - Statistics

General Stats
  • This quiz has been taken 149 times
  • The average score is 6 of 20
Answer Stats
Appearances Duration Player % Correct
564 1990 – 2003 David Seaman
79%
669 1983 – 2002 Tony Adams
74%
423 1995 – 2006 Dennis Bergkamp
71%
406 1996 – 2005 Patrick Vieira
65%
618 1988 – 2002 Lee Dixon
56%
449 1985 – 19861993 – 2004 Martin Keown
52%
464 1992 – 2004 Ray Parlour
48%
584 1987 – 2000 Nigel Winterburn
42%
722 1973 – 1993 David O'Leary
37%
425 1986 – 1997 Paul Merson
29%
528 1967 – 1980 Pat Rice
22%
403 1964 – 1973 Frank McLintock
13%
621 1962 – 1977 George Armstrong
13%
481 1964 – 1976 John Radford
12%
447 1980 – 1994 Paul Davis
8%
477 1964 – 1978 Peter Simpson
7%
501 1965 – 1977 Peter Storey
7%
470 1922 – 1937 Bob John
6%
464 1977 – 1988 Graham Rix
6%
440 1927 – 1939 Eddie Hapgood
2%
No matching quizzes found
Score Distribution
Percent of People with Each Score
Percentile by Number Answered
Your Score History
You have not taken this quiz